000 00743nam a2200193 4500
999 _c4476
_d4476
001 5333
005 20190909110136.0
008 190909b ||||| |||| 00| 0 eng d
020 0 0 _a9789993687949
090 0 0 _a495.45 S1929L
245 0 0 _aལུང་སྟོན་པ་སུམ་ཅུ་པ་དང་རྟགས་ཀྱི་འཇུག་པའི་རྩ་བ་དང་དཔེར་བརྗོད་བཞུགས་སོ།
_cThumi Sampuda.
246 _a[Tibetan classical grammar].
260 0 0 _bThe Corporate Body of the Buddha Educational Foundation,
_cn.d.
300 0 0 _a57 p. ; 25 cm.
500 0 0 _aIn Dzongkha.
650 0 0 _aTibetan language --Grammar.
942 _2ddc
_cDZONGKHA